Die größten Städte in der Region Tirol - Statistiken

Allgemein
  • Dieses Quiz wurde 113 mal gespielt
  • Das Durchschnittsergebnis liegt bei 10 aus 20
Antwortstatistiken
# Region Einwohner Stadt % Korrekt
1 Nordtirol 130.585 Innsbruck
99%
3 Südtirol 107.407 Bozen
89%
8 Nordtirol 19.625 Kufstein
86%
19 Osttirol 11.871 Lienz
72%
4 Südtirol 41.170 Meran
69%
16 Nordtirol 14.308 Wörgl
69%
6 Südtirol 22.572 Brixen
68%
20 Nordtirol 10.919 Imst
66%
15 Nordtirol 14.322 Hall in Tirol
64%
17 Nordtirol 13.883 Schwaz
64%
2 Trentino 118.902 Trient
64%
13 Nordtirol 16.133 Telfs
58%
12 Südtirol 16.774 Bruneck
41%
5 Trentino 40.285 Rovereto
26%
11 Trentino 17.602 Riva del Garda
23%
18 Südtirol 12.467 Lana
20%
14 Südtirol 14.932 Eppan
15%
10 Trentino 17.927 Arco
13%
9 Südtirol 18.029 Leifers
13%
7 Trentino 21.548 Pergine Valsugana
4%
Keine übereinstimmenden Quizze gefunden
Verteilung der Resultate
Anzahl Personen mit jedem Resultat
Perzentil nach korrekt beantworteten Fragen
Ihre Resultats-Entwicklung
Sie haben dieses Quiz noch nicht gespielt